NFL Quaterbacks - Statistics

General Stats
  • This quiz has been taken 212 times
  • The average score is 25 of 32
Answer Stats
Hint Answer % Correct
Chiefs Patrick Mahomes
99%
Bills Josh Allen
98%
Ravens Lamar Jackson
97%
Bengals Joe Burrow
96%
Eagles Jalen Hurts
91%
49ers Brock Purdy
90%
Cowboys Dak Prescott
90%
Dolphins Tua Tagovailoa
88%
Packers Jordan Love
87%
Jets Aaron Rodgers
86%
Lions Jared Goff
86%
Rams Matthew Stafford
86%
Chargers Justin Herbert
85%
Texans C.J. Stroud
82%
Buccaneers Baker Mayfield
80%
Jaguars Trevor Lawrence
80%
Cardinals Kyler Murray
78%
Seahawks Geno Smith
77%
Bears Caleb Williams
76%
Falcons Kirk Cousins
75%
Panthers Bryce Young
73%
Commanders Jayden Daniels
73%
Patriots Drake Maye
72%
Vikings Sam Darnold
69%
Broncos Bo Nix
68%
Giants Daniel Jones
67%
Saints Derek Carr
65%
Colts Anthony Richardson
60%
Browns Deshaun Watson
57%
Titans Will Levis
55%
Raiders Gardner Minshew
43%
Steelers Russel Wilson
25%
No matching quizzes found
Score Distribution
Percent of People with Each Score
Percentile by Number Answered
Your Score History
You have not taken this quiz